Alle Ständeräte der Schweiz Quiz (2019-2023) - Statistiken

Allgemein
  • Dieses Quiz wurde 21 mal gespielt
  • Das Durchschnittsergebnis liegt bei 13 aus 46
Antwortstatistiken
Partei Kanton Ständerat/in % Korrekt
Parteilos Schaffhausen Thomas Minder
67%
SP Zürich Daniel Jositsch
61%
FDP Appenzell Ausserrhoden Andrea Caroni
56%
FDP Zürich Ruedi Noser
56%
FDP Luzern Damian Müller
50%
SP Jura Élisabeth Baume-Schneider
44%
CVP Uri Heidi Z’graggen
44%
FDP Aargau Thierry Burkart
44%
SP Basel-Stadt Eva Herzog
39%
FDP Uri Josef Dittli
39%
SVP Tessin Marco Chiesa
39%
Grüne Basel-Landschaft Maya Graf
39%
SVP Bern Werner Salzmann
39%
SP Genf Carlo Sommaruga
33%
SP Bern Hans Stöckli
33%
FDP Freiburg Johanna Gapany
33%
Grüne Genf Lisa Mazzone
33%
FDP Graubünden Martin Schmid
33%
Grüne Glarus Mathias Zopfi
33%
SP St. Gallen Paul Rechsteiner
33%
SVP Schaffhausen Hannes Germann
28%
SVP Aargau Hansjörg Knecht
28%
FDP Nidwalden Hans Wicki
28%
FDP Zug Matthias Michel
28%
SVP Schwyz Alex Kuprecht
22%
CVP Wallis Beat Rieder
22%
CVP Wallis Marianne Maret
22%
CVP Zug Peter Hegglin
22%
CVP St. Gallen Benedikt Würth
17%
CVP Thurgau Brigitte Häberli-Koller
17%
Grüne Neuenburg Céline Vara
17%
CVP Freiburg Isabelle Chassot
17%
SVP Thurgau Jakob Stark
17%
FDP Neuenburg Philippe Bauer
17%
CVP Solothurn Pirmin Bischof
17%
SP Solothurn Roberto Zanetti
17%
CVP Luzern Andrea Gmür-Schönenberger
11%
CVP Jura Charles Juillard
11%
CVP Appenzell Innerrhoden Daniel Fässler
11%
CVP Obwalden Erich Ettlin
11%
FDP Waadt Olivier Français
11%
CVP Schwyz Othmar Reichmuth
11%
Grüne Waadt Adèle Thorens Goumaz
6%
CVP Graubünden Stefan Engler
6%
FDP Glarus Thomas Hefti
6%
SP Tessin Marina Carobbio Guscetti
0%
Keine übereinstimmenden Quizze gefunden
Verteilung der Resultate
Anzahl Personen mit jedem Resultat
Perzentil nach korrekt beantworteten Fragen
Ihre Resultats-Entwicklung
Sie haben dieses Quiz noch nicht gespielt